|
|
|
|
| LEADER |
00000nam0a2200000 4500 |
| 001 |
303774 |
| 005 |
20231102001633.0 |
| 035 |
|
|
|a (RuTPU)RU\TPU\book\329002
|
| 090 |
|
|
|a 303774
|
| 100 |
|
|
|a 20150904d1966 k y0rusy50 ca
|
| 101 |
0 |
|
|a rus
|
| 102 |
|
|
|a RU
|
| 105 |
|
|
|a a z 001zy
|
| 200 |
1 |
|
|a Преобразование электромагнитной энергии
|f Л. А. Дритов
|g Ульяновский политехнический институт
|
| 210 |
|
|
|a Ульяновск
|c Приволжское книжное издательство
|d 1966
|
| 215 |
|
|
|a 189 с.
|c ил.
|
| 320 |
|
|
|a Библиография в конце глав.
|
| 606 |
1 |
|
|a Преобразователи электромагнитные
|2 stltpush
|3 (RuTPU)RU\TPU\subj\51374
|
| 610 |
1 |
|
|a электромагнитная энергия
|
| 610 |
1 |
|
|a энергообмен
|
| 610 |
1 |
|
|a тензоры
|
| 610 |
1 |
|
|a свойства
|
| 610 |
1 |
|
|a граничные области
|
| 610 |
1 |
|
|a когерентное излучение
|
| 610 |
1 |
|
|a воздействие
|
| 675 |
|
|
|a 621.314.5
|v 3
|
| 700 |
|
1 |
|a Дритов
|b Л. А.
|g Леонид Александрович
|
| 712 |
0 |
2 |
|a Ульяновский политехнический институт
|2 stltpush
|3 (RuTPU)RU\TPU\col\5341
|9 24084
|
| 801 |
|
1 |
|a RU
|b 63413507
|c 20150904
|
| 801 |
|
2 |
|a RU
|b 63413507
|c 20171129
|g RCR
|
| 942 |
|
|
|c BK
|